| 000 | 00658nam a2200181Ia 4500 | ||
|---|---|---|---|
| 008 | 090630s9999 xx 000 0 und d | ||
| 082 | _b9892 | ||
| 100 | _aमाडगुळकर ग. दि. | ||
| 245 |
_aझाड मोहाचं फुललं. _cमाडगुळकर ग. दि. |
||
| 260 |
_bशेटे चंद्रंकांत. _c1965 |
||
| 300 | _a68 | ||
| 600 | _aमाडगुळकर ग. दि. | ||
| 630 | _aझाड मोहाचं फुललं. | ||
| 655 | _aकाव्य. | ||
| 700 | _aमाडगुळकर ग. दि. | ||
| 730 | _aझाड मोहाचं फुललं. | ||
| 942 | _cBOOK | ||
| 999 |
_c261748 _d261748 |
||